|
|
|
|
| LEADER |
00000nam a2200000 a 4500 |
| 001 |
vtls001334810 |
| 003 |
SK-MaSNL |
| 005 |
20260301160322.0 |
| 008 |
251124s1959 US a 0 eng |
| 020 |
|
|
|c [100,00]
|
| 035 |
|
|
|a SNK000287766
|
| 040 |
|
|
|a SNK
|b slo
|c SNK
|e AACR2
|
| 041 |
0 |
|
|a eng
|
| 044 |
|
|
|a US
|
| 080 |
|
|
|a 271-055.2(73=854)"1909/1959"
|2 1981
|
| 245 |
1 |
|
|a Adveniat regnum tuum
|b Sesters of SS. Cyril and Methodius. Danville, Pennsylvania 1909-1959
|
| 260 |
|
|
|a Danville
|b Sisters of SS. Cyril and Methodius
|c [1959]
|
| 300 |
|
|
|a 80 s.
|c 31 cm
|
| 500 |
|
|
|a Obalový názov
|
| 650 |
0 |
7 |
|a rehoľníčky
|2 SNKPH
|9 59324
|
| 958 |
|
|
|a OND
|
| 999 |
|
|
|c 804939
|d 806869
|
| 952 |
|
|
|t P60, <03>, [BOOK], {603}
|a SNK
|b SNK
|y PREZ
|7 0
|p 17A0141291
|o snkSB 59276
|i snkV 778/98
|0 0
|1 0
|4 0
|d 1998-06-19
|f 1
|l 0
|r 2025-04-11 00:00:00
|w 2026-02-24
|